| 000 | 00495nam a2200145 i 4500 | ||
|---|---|---|---|
| 001 | 80741 | ||
| 003 | ES-MaACL | ||
| 007 | t| | ||
| 008 | 041029s1918 xxk ||||1| eng d | ||
| 100 | 1 |
_aHolms, A. Campbell. _964064 |
|
| 245 | 1 | 0 |
_aPractical Shipbuilding _b: a treatise on the structural desing and building of modern steel vessels / _cby A. Campbell Holms. |
| 260 |
_aLondon : _b[s.n.], _c1918 ( _eBoccles : _fWilliam Clowes and Sons) |
||
| 300 |
_a1 v. ; _c25 cm. |
||
| 852 |
_aES-MaACL _jG-13994 |
||
| 999 |
_c80741 _d80741 |
||